书目信息 |
| 题名: |
概率论与数理统计
|
|
| 作者: | 王松桂 , 张忠占 , 程维虎 , 王松桂等 编 | |
| 分册: | ||
| 出版信息: | 北京 科学出版社 2004.11 |
|
| 页数: | 312页 | |
| 开本: | 24cm | |
| 丛书名: | 21世纪高等院校教材 | |
| 单 册: | ||
| 中图分类: | O21 | |
| 科图分类: | ||
| 主题词: | 概率论--高等学校--教材 , 数理统计--高等学校--教材 | |
| 电子资源: | ||
| ISBN: | 7-03-014404-X | |
| 000 | 01020nam 2200313 450 | |
| 001 | 0132322359 | |
| 005 | 20201027101715.57 | |
| 010 | @a7-03-014404-X@dCNY 25.00 | |
| 100 | @a20041223d2004 km y0chiy0120 ea | |
| 101 | 0 | @achi |
| 102 | @aCN@b110000 | |
| 105 | @aa z 000yy | |
| 200 | 1 | @a概率论与数理统计@Agai lu lun yu shu li tong ji@f王松桂等 编@Fwang song gui deng bian |
| 205 | @a第2版 | |
| 210 | @a北京@c科学出版社@d2004.11 | |
| 215 | @a312页@c图@d24cm | |
| 225 | 2 | @a21世纪高等院校教材 |
| 300 | @a北京市高等教育精品教材立项项目 本书第一版获"2002年全国普通高等学校优秀教材二等奖"。 | |
| 304 | @a题名页其他责任者还有 : 高旅端。 | |
| 410 | 0 | @12001 @a21世纪高等院校教材 |
| 606 | 0 | @a概率论@x高等学校@x教材 |
| 606 | 0 | @a数理统计@x高等学校@x教材 |
| 690 | @aO21@v4 | |
| 701 | 0 | @a王松桂@Awang song gui@4编 |
| 701 | 0 | @a张忠占@Azhang zhong zhan@4编 |
| 701 | 0 | @a程维虎@Acheng wei hu@4编 |
| 701 | 0 | @a王松桂等@Awang song gui deng@4编 |
| 801 | 0 | @aCN@bQSSK@c20050520 |
| 905 | @a10447@dO21@eW351 | |
| 概率论与数理统计/王松桂等 编.-第2版.-北京:科学出版社,2004.11 |
| 312页:图;24cm.-(21世纪高等院校教材) |
| 北京市高等教育精品教材立项项目 本书第一版获"2002年全国普通高等学校优秀教材二等奖"。 |
| ISBN 7-03-014404-X:CNY 25.00 |
| ● |
| 相关链接 |
|
|
|
正题名:概率论与数理统计
索取号:O21/W351
 
预约/预借
| 序号 | 登录号 | 条形码 | 馆藏地/架位号 | 状态 | 备注 |
| 1 | 1453717 | 214537170 | 自科库401/401自科库 46排6列3层/ [索取号:O21/W351] | 在馆 | |
| 2 | 1499424 | 214994247 | 自科库401/401自科库 46排6列3层/ [索取号:O21/W351] | 在馆 | |
| 3 | 1499425 | 214994256 | 自科库401/501自科库 138排1列5层/ [索取号:O21/W351] | 在馆 | |
| 4 | 498187 | 204981877 | 自科库401/401自科库 46排6列3层/ [索取号:O21/W351] | 在馆 | |
| 5 | 498188 | 204981886 | 自科库401/401自科库 46排6列3层/ [索取号:O21/W351] | 在馆 | |
| 6 | 498189 | 204981895 | 自科库401/401自科库 46排6列3层/ [索取号:O21/W351] | 在馆 |